Construction ready to grow again. (Record no. 60471)

MARC details
000 -LEADER
fixed length control field 00707cam a2200181 4500
001 - CONTROL NUMBER
control field ABS60823
008 - FIXED-LENGTH DATA ELEMENTS--GENERAL INFORMATION
fixed length control field 000000n1999 000 0 eng u
035 ## - SYSTEM CONTROL NUMBER
System control number (Sirsi) u101322
100 ## - MAIN ENTRY--PERSONAL NAME
Personal name Cannon, J.
245 ## - TITLE STATEMENT
Title Construction ready to grow again.
260 ## - PUBLICATION, DISTRIBUTION, ETC.
Date of publication, distribution, etc. 1999
490 ## - SERIES STATEMENT
Series statement Building Intelligence
Volume/sequential designation June 1999, 8-9(2)Assesses the current health of the French construction industry, which had been declining in recent years. Suggests that 1998 saw the start of a recovery which looks set to continue into 2000, with the housing market and non-residential building looking strong.
650 ## - SUBJECT ADDED ENTRY--TOPICAL TERM
Topical term or geographic name entry element FRANCE
650 ## - SUBJECT ADDED ENTRY--TOPICAL TERM
Topical term or geographic name entry element CONSTRUCTION INDUSTRY
650 ## - SUBJECT ADDED ENTRY--TOPICAL TERM
Topical term or geographic name entry element ECONOMICS
690 ## - LOCAL SUBJECT ADDED ENTRY--TOPICAL TERM (OCLC, RLIN)
Topical term or geographic name as entry element OVERSEAS
942 ## - ADDED ENTRY ELEMENTS (KOHA)
Suppress in OPAC 0
Holdings
Withdrawn status Lost status Source of classification or shelving scheme Damaged status Not for loan Home library Current library Shelving location Date acquired Total Checkouts Full call number Barcode Date last seen Copy number Price effective from Koha item type
    Dewey Decimal Classification     London London Journal article 03/11/1999   ABS60823 101322-1001 06/08/2019 1 06/08/2019 Journal article